Vállalati pénzügyek alapfokon
Salvato in:
| Autore principale: | |
|---|---|
| Ente Autore: | |
| Altri autori: | , |
| Natura: | Libro |
| Lingua: | ungherese |
| Pubblicazione: |
Komárno
Univerzita J. Selyeho v Komárne
2015
|
| Edizione: | 1. vyd. |
| Soggetti: | |
| Tags: |
Nessun Tag, puoi essere il primo ad aggiungerne!!
|
MARC
| LEADER | 00000nam a2200000 4500 | ||
|---|---|---|---|
| 001 | 0210568 | ||
| 005 | 20240502073516.9 | ||
| 020 | |a 978-80-8122-150-7 | ||
| 041 | 0 | |a hun | |
| 044 | |a SK | ||
| 245 | 1 | 0 | |a Vállalati pénzügyek alapfokon |c Enikö Korcsmáros ; lektorálta: Ladislav Mura, Peter Kovács |
| 250 | |a 1. vyd. | ||
| 264 | 1 | |a Komárno |b Univerzita J. Selyeho v Komárne |c 2015 | |
| 300 | |a 188 s. [6,22 AH] | ||
| 610 | 2 | 0 | |a financie podnikové |
| 610 | 2 | 0 | |a podnik |
| 610 | 2 | 0 | |a podnikanie |
| 100 | 1 | |a Korcsmáros, Enikö | |
| 700 | 1 | |a Mura, Ladislav | |
| 700 | 1 | |a Kovács, Peter | |
| 710 | 2 | |a Selye János Egyetem. Gazdaságtudományi Kar | |